| 000 | 01126nam a2200289 i 4500 | ||
|---|---|---|---|
| 001 | 186740 | ||
| 003 | SpMaBN | ||
| 005 | 20231212120150.0 | ||
| 008 | 170210s2013 sp |||| | spa d | ||
| 020 | _a978-84-9749-575-2 | ||
| 080 | _a821.134.2 Valle-Inclán, Ramón del 1.07 | ||
| 100 | 1 |
_aMascato Rey, Rosario. _9161707 |
|
| 245 | 1 | 0 |
_aValle-Inclán, poeta moderno no canonizado / _cRosario Mascato Rey. |
| 260 |
_aA Coruña : _bUniversidade da Coruña, Servizo de Publicacións, _c2013. |
||
| 300 |
_a495 p. ; _c24 cm. |
||
| 490 | 1 |
_aMonografías. _aUniversidade da Coruña ; _v150 |
|
| 500 | _aÍndice onomástico. | ||
| 504 | _aBibliografía: p. 413-490. | ||
| 600 | 1 | 4 |
_aValle-Inclán, Ramón del, _d1866-1936- _xCrítica e interpretación _9112800 |
| 710 | 2 |
_aUniversidade da Coruña. _9173914 |
|
| 830 | 0 |
_aMonografías. _aUniversidade da Coruña ; _v150 _9225465 |
|
| 852 |
_aES-MaACL _jA-14023 _9193797 _bR.151302 _cDEPO1 _dOlim: N-7023 _hDonación: Casa Velázquez |
||
| 914 |
_92477 _aCasa de Velázquez _ednr |
||
| 942 |
_2udc _cMONOGRAFIA |
||
| 999 |
_c186740 _d186740 |
||